| 000 | 00683cam a22002533a 4500 | ||
|---|---|---|---|
| 001 | 6860 | ||
| 003 | PGUSA | ||
| 005 | 20140828083137.0 | ||
| 008 | 041101s2004||||xxu|||||s|||||000 1 eng d | ||
| 040 |
_aPGUSA _beng |
||
| 042 | _adc | ||
| 050 | 4 | _aPS | |
| 050 | 4 | _aPZ | |
| 100 | 1 |
_aAbbott, Jane, _d1881- |
|
| 245 | 1 | 0 |
_aKeineth _h[electronic resource] / _cJane Abbott |
| 260 |
_bProject Gutenberg, _c2004 |
||
| 506 | _aPublic domain in the USA. | ||
| 516 | _aElectronic text | ||
| 653 | _aWorld War, 1914-1918 -- Juvenile fiction | ||
| 653 | _aGirls -- Juvenile fiction | ||
| 830 | 0 |
_aProject Gutenberg _v6860 |
|
| 856 | 4 | 0 | _uhttp://www.gutenberg.org/ebooks/6860 |
| 942 | _cEB | ||
| 999 |
_c236180 _d236180 |
||